Tujuh tabiat orang yang amat berkesan : memulihkan etika akhlak

Bibliographic Details
Main Author: COVEY
Other Authors: Adibah Amin , 1936-, Leo
Format: Book
Published: Petaling Jaya, Selangor : Prentice Hall , 2002
Subjects:

MARC

LEADER 00000cam a2200000 7i4500
001 0000002870
005 20040204.0
020 0 0 |a 9839236008 
090 0 0 |a 158   |b COV 2002 
100 1 0 |a COVEY   |h Stephen R. 
245 1 0 |a Tujuh tabiat orang yang amat berkesan :   |b memulihkan etika akhlak   |c Stephen R.Covey ; penterjemah Leo Ann Mean, penyunting Adibah Amin 
260 0 0 |a Petaling Jaya, Selangor :   |b Prentice Hall ,   |c 2002 
300 |a 366 p. :   |b ill. ;   |c 22 cm. 
500 0 0 |a Includes index 
500 0 0 |a Terjemahan daripada : Seven habits of highly effective people - New York: Simon & Schuster, 1989 
650 0 0 |a Character 
650 0 0 |a Success   |x Psychological aspects 
700 0 1 |a Adibah Amin ,   |c 1936- 
700 0 1 |a Leo   |h Ann Mean 
998 |a JPSM 
999 |a 0000005155   |b Monograph   |c Open Shelf   |e Default branch